000 00835cab a2200241 4500
001 ABS67483
008 040303n2004 000 0 eng u
035 _a(Sirsi) u125306
100 _aPearson, A.
245 4 _aThe buyers
260 _c2004
490 _aBuilding
_v269(8318) 6 February 2004, 42-49(7)
520 _aGives details of Building's survey of 100 of the country's leading clients in the public and private sectors. Includes tables of the top 25 clients in the public and private sectors, top spenders by sector and key clients by region.
590 _aABS
650 _aCONSTRUCTION COMPANIES
650 _aPUBLIC SECTOR
650 _aPRIVATE SECTOR
650 _aCONSTRUCTION PROJECTS
650 _aREGIONAL TRENDS
650 _aRANKINGS
690 _aBUILT ENVIRONMENT-CONSTRUCTION MARKET
942 _n0
999 _c74220
_d74220